|
|
|
|
| LEADER |
00000cam a2200000 4500 |
| 001 |
vtls011897265 |
| 003 |
SK-MaSNL |
| 005 |
20260417143056.0 |
| 008 |
191030t1684 ne a r 000 0 lat |
| 015 |
|
|
|a SNBHFA1684
|
| 040 |
|
|
|a SNKHF
|b slo
|c SNK
|e rda
|
| 041 |
0 |
|
|a lat
|a grc
|
| 044 |
|
|
|a ne
|c NL
|
| 072 |
|
7 |
|a 808
|x Literárny štýl. Literárna činnosť a technika. Efektívne využívanie jazyka. Spisovateľská činnosť
|2 konspekt
|
| 080 |
|
|
|a 808.5
|2 2011
|
| 100 |
1 |
|
|a Cicero, Marcus Tullius,
|d 106 pred Kr.-43 pred Kr.
|4 aut
|9 53145
|
| 245 |
1 |
0 |
|a M. Tvlii Ciceronis Epistolarvm Libri XVI Ad T. Pomponivm Atticvm
|n Tomvs II.
|c Ex recensione Ioannis Georgii Graevii Cum ejusdem animadversionibus Et notis integris Petri Victorii, Paulli Manutii, Leonardi Malhespinae, D. Lambini, Fulvii Vrsini, Sim. Bosii, Fr. Iunii, Auf. Popmae, nec non selectis Sebast. Corradi, Is. Casauboni, Ioan. Fred. Gronovii, & aliorum
|
| 264 |
|
1 |
|a Amstelaedami
|b Sumptibus Blaviorvm, & Henrici Wetstenii
|c CIϽ IϽC LXXXIV (1684)
|
| 300 |
|
|
|a 802, 344 strán
|c 20 cm
|
| 336 |
|
|
|a text
|b txt
|2 rdacontent
|
| 337 |
|
|
|a bez média
|b n
|2 rdamedia
|
| 338 |
|
|
|a zväzok
|b nc
|2 rdacarier
|
| 500 |
|
|
|a Ilustrovaný titulný list, ozdobné iniciály s ornamentálnym pozadím na 4 riadky, koncová vineta, kustody, v prvej polovici tlače úryvky textu v gréckom jazyku
|
| 504 |
|
|
|a Vysvetlivky a komentáre pod textom
|
| 505 |
2 |
|
|a Prítlačok 1.:
|t Pavlii Manvtii Commentarivs In M. Tvlii Ciceronis Epistolas Ad Atticvm Tomus II.
|g 284 strán
|
| 563 |
|
|
|a Väzba pôvodná, pergamenová.
|5 SNK ID 101554/1
|
| 650 |
0 |
7 |
|a rétorika
|2 SNKPH
|9 989
|
| 655 |
|
7 |
|a staré tlače
|2 SNKPH
|9 69193
|
| 700 |
1 |
|
|a Graeve, Johann Georg,
|d 1632-1703
|4 aut
|4 dto
|4 red
|9 360625
|
| 700 |
0 |
|
|a Paulus Manutius
|t Comentarivs In. M. Tvllii Ciceronis Orationes
|4 aut
|9 360626
|
| 700 |
1 |
|
|a Victorius, Peter
|4 edt
|9 360627
|
| 700 |
1 |
|
|a Malespina, Leonardo
|4 edt
|9 360628
|
| 700 |
1 |
|
|a Lambin, Denis,
|d 1520 - 1572
|4 edt
|9 360629
|
| 700 |
1 |
|
|a Orsini, Fulvio,
|d 1529-1600
|4 edt
|9 129538
|
| 700 |
1 |
|
|a Wettstein, Johann Heinrich,
|d 1649-1726
|4 pbl
|9 360630
|
| 700 |
1 |
|
|a Du Bois, Siméon,
|d 1536 - 1581 4
|4 edt
|9 360631
|
| 700 |
1 |
|
|a Popma, Ausonius,
|d 1563 - 1613
|4 edt
|9 360632
|
| 700 |
1 |
|
|a Corradi, Sebastiano,
|d 1510 - 1556
|4 edt
|9 360633
|
| 700 |
1 |
|
|a Casaubon, Isaac,
|d 1559-1614
|4 edt
|9 52800
|
| 700 |
1 |
|
|a Gronovius, Johannes Fredericus,
|d 1611 - 1671
|4 edt
|9 360634
|
| 700 |
1 |
|
|a Atticus, Titus Pomponius
|4 dto
|9 360635
|
| 700 |
1 |
|
|a Junius, Franciscus,
|d 1545-1602
|4 edt
|9 360636
|
| 710 |
0 |
|
|a Wettstein, Johann Heinrich (Amsterdam, Holansko)
|4 pbl
|9 360637
|
| 752 |
|
|
|a Holandsko
|d Amsterdam
|
| 852 |
|
|
|a snk
|b Aponiovská knižnica
|p ID 101554/2
|
| 958 |
|
|
|a PNDV
|
| 999 |
|
|
|c 605254
|d 607184
|
| 952 |
|
|
|t Op. I/2
|a SNK
|b SNK
|c SNK_HF
|y PREZ
|7 0
|p 17A1389568
|o snkID 101554/2
|i snk2019/27925
|8 5
|0 0
|1 0
|4 0
|d 2019-10-30
|l 0
|r 2026-02-23 16:06:42
|w 2026-02-23
|